| 000 | 00430nam a22001817a 4500 | ||
|---|---|---|---|
| 003 | OSt | ||
| 005 | 20260520121313.0 | ||
| 008 | 260520b |||||||| |||| 00| 0 eng d | ||
| 040 | _cAL | ||
| 041 | _aEnglish | ||
| 082 | _a333.25 MEET | ||
| 100 |
_aMeena Ragunathan _9264183 |
||
| 245 | _aTowards a green action guide | ||
| 260 |
_aAhamedabad _bCEE _c1999 |
||
| 300 | _a111p | ||
| 650 |
_aEconomics _9264184 |
||
| 942 |
_2ddc _cBED |
||
| 999 |
_c241471 _d241471 |
||